Statistiques concernant Tableau périodique des éléments : Eléments par T

Cliquez ici pour prendre le quiz!

Statistiques générales

  • Ce quiz a été pris 76 fois
  • Le résultat moyen est 7 sur 10

Statistiques - réponses

Eléments par T % Correct
Tungstène
83%
Tantale
81%
Thorium
77%
Titane
75%
Thallium
73%
Thulium
71%
Tellure
63%
Terbium
62%
Technétium
58%
Tennessine
31%

Distribution des résultats

Percentile par nombre de réponses

% des personnes avec chaque résultat

Votre développement - résultats

Vous n’avez pas pris ce quiz